[Event "15th Asian Continental"]
[Site "Tashkent UZB"]
[Date "2016.05.26"]
[Round "1.1"]
[White "Le, Quang Liem"]
[Black "Fayzullaev, Akmal"]
[Result "1-0"]
[WhiteTitle "GM"]
[BlackTitle "FM"]
[WhiteElo "2718"]
[BlackElo "2379"]
[WhiteFideId "12401137"]
[BlackFideId "14200554"]
[EventDate "2016.05.26"]

1. Nf3 Nf6 2. c4 g6 3. d4 Bg7 4. Nc3 O-O 5. e4 d6 6. h3 e5 7. dxe5 dxe5 8. Qxd8
Rxd8 9. Bg5 Re8 10. Nd5 Nxd5 11. cxd5 c6 12. Bc4 cxd5 13. Bxd5 Nc6 14. O-O-O Be6
15. Bxe6 Rxe6 16. Rd7 Rb8 17. Rhd1 f6 18. Be3 Bf8 19. Nd2 Re7 20. Nb3 Rc8 21.
Kb1 Rc7 22. R7d2 Re8 23. Rc2 Rec8 24. Rdc1 Bd6 25. Bc5 Bxc5 26. Rxc5 b6 27. R5c4
Kf7 28. f4 Ke6 29. fxe5 fxe5 30. Nd2 g5 31. R4c3 a6 32. a3 Kd6 33. Nc4+ Ke6 34.
Ne3 Kd6 35. Nf5+ Kd7 36. Nh6 Nd4 37. Rxc7+ Rxc7 38. Nf7 Rxc1+ 39. Kxc1 Ne2+ 40.
Kd2 Nf4 41. g3 Nxh3 42. Nxe5+ Ke6 43. Ng4 Kf7 44. Ke3 Kg6 45. Kf3 Kh5 46. e5
Ng1+ 47. Kg2 1-0

[Event "15th Asian Continental"]
[Site "Tashkent UZB"]
[Date "2016.05.26"]
[Round "1.2"]
[White "Omar, Noaman"]
[Black "Kasimdzhanov, Rustam"]
[Result "0-1"]
[WhiteTitle "IM"]
[BlackTitle "GM"]
[WhiteElo "2377"]
[BlackElo "2703"]
[WhiteFideId "9300244"]
[BlackFideId "14200244"]
[EventDate "2016.05.26"]

1. d4 Nf6 2. c4 e6 3. Nf3 d5 4. Nc3 Be7 5. Bg5 h6 6. Bxf6 Bxf6 7. e3 O-O 8. Qc2
g6 9. Rd1 Bg7 10. a3 c6 11. Be2 Nd7 12. O-O b6 13. e4 Bb7 14. cxd5 exd5 15. exd5
cxd5 16. Qb3 Nf6 17. Ne5 Re8 18. Bf3 Re6 19. Rfe1 Rb8 20. h3 h5 21. Nd3 Rxe1+
22. Rxe1 Ne4 23. Bxe4 dxe4 24. Ne5 Bxe5 25. dxe5 Qg5 26. Nxe4 Qxe5 27. Qc3 Qxc3
28. Nxc3 Kf8 29. h4 Rd8 30. Rd1 Rxd1+ 31. Nxd1 Ke7 32. Nc3 Kd6 33. Nb5+ Kc5 34.
Nc3 Kc4 35. Nd1 Kb3 36. Kf1 Be4 37. f3 Bc2 38. Ne3 Kxb2 39. Nc4+ Kb3 40. Nd6 a5 0-1

[Event "15th Asian Continental"]
[Site "Tashkent UZB"]
[Date "2016.05.26"]
[Round "1.4"]
[White "Begmuratov, Alisher"]
[Black "Ni, Hua"]
[Result "0-1"]
[WhiteTitle "FM"]
[BlackTitle "GM"]
[WhiteElo "2371"]
[BlackElo "2682"]
[WhiteFideId "14203367"]
[BlackFideId "8601160"]
[EventDate "2016.05.26"]

1. d4 Nf6 2. c4 e6 3. g3 d5 4. Nf3 Bb4+ 5. Bd2 Bd6 6. Nc3 O-O 7. Qc2 Nc6 8. Bg2
dxc4 9. O-O a6 10. Ne4 Be7 11. Nxf6+ Bxf6 12. Qxc4 Nxd4 13. Bb4 Re8 14. Rfd1 e5
15. Nxd4 exd4 16. Bc5 Be6 17. Qd3 Bg4 18. f3 Bd7 19. a4 Re3 20. Qd2 Qe8 21. Bxd4
Rxe2 22. Qc3 Bxd4+ 23. Rxd4 Bc6 24. Rd3 Rd8 25. Rxd8 Qxd8 26. Bf1 Rd2 27. a5 Qd6
28. Re1 Kf8 29. Rc1 h5 30. b4 h4 31. f4 Kg8 32. Qc5 hxg3 33. hxg3 Qh6 0-1

[Event "15th Asian Continental"]
[Site "Tashkent UZB"]
[Date "2016.05.26"]
[Round "1.5"]
[White "Adhiban, Baskaran"]
[Black "Vokhidov, Shamsiddin"]
[Result "1-0"]
[WhiteTitle "GM"]
[BlackTitle "IM"]
[WhiteElo "2665"]
[BlackElo "2370"]
[WhiteFideId "5018471"]
[BlackFideId "14204223"]
[EventDate "2016.05.26"]

1. d4 Nf6 2. Nf3 e6 3. e3 c5 4. Bd3 b6 5. O-O Bb7 6. c4 Be7 7. Nc3 cxd4 8. exd4
O-O 9. d5 Na6 10. Bc2 Qc7 11. Bg5 Qxc4 12. d6 Bd8 13. Ne5 Qc8 14. Rc1 Bc6 15.
Qd4 Qb7 16. Qh4 h6 17. Bxh6 gxh6 18. Qxh6 Bxg2 19. f3 Nb4 20. Rf2 1-0

[Event "15th Asian Continental"]
[Site "Tashkent UZB"]
[Date "2016.05.26"]
[Round "1.6"]
[White "Kholmirzaev, Bakhodir"]
[Black "Vidit, Santosh Gujrathi"]
[Result "0-1"]
[WhiteTitle "FM"]
[BlackTitle "GM"]
[WhiteElo "2364"]
[BlackElo "2658"]
[WhiteFideId "14200830"]
[BlackFideId "5029465"]
[EventDate "2016.05.26"]

1. d4 Nf6 2. Bg5 d5 3. Bxf6 exf6 4. e3 Bd6 5. c4 dxc4 6. Bxc4 O-O 7. Nc3 f5 8.
Qf3 Nd7 9. Nge2 Nf6 10. h3 Qe7 11. Nd5 Nxd5 12. Bxd5 c6 13. Bc4 Bb4+ 14. Kf1 Bd7
15. h4 Rae8 16. Nf4 Bd6 17. h5 Bxf4 18. Qxf4 Qb4 19. b3 Qc3 20. Re1 h6 21. Qc7
Bc8 22. Rh4 Qb4 23. Rd1 Re7 24. Qh2 Qa3 25. Rd2 Rd8 26. Rf4 Be6 27. Ke2 Bxc4+
28. bxc4 Qa6 29. Rxf5 Qxc4+ 30. Kf3 Qc3 31. Qh4 Rde8 32. Re2 Qd3 33. Rf4 f5 34.
g4 Re4 35. g5 hxg5 36. Qxg5 Rxf4+ 37. Qxf4 Re4 38. Qb8+ Kh7 39. Re1 Rxd4 40. Qe8
Rg4 41. Qe6 c5 42. Rh1 c4 43. h6 Qe4+ 44. Qxe4 Rxe4 45. hxg7+ Kxg7 46. Rd1 Kf6
47. Rd8 b5 48. Rf8+ Ke6 49. Ke2 c3 50. Rc8 Ra4 51. Rxc3 Rxa2+ 52. Kd3 b4 53. Rc7
a5 54. f4 a4 55. Rb7 Rb2 56. e4 a3 57. Rb6+ Kd7 58. exf5 a2 59. Ra6 Rb3+ 60. Kd4 0-1

[Event "15th Asian Continental"]
[Site "Tashkent UZB"]
[Date "2016.05.26"]
[Round "1.7"]
[White "Ganguly, Surya Shekhar"]
[Black "Baterdene, Tsogbayar"]
[Result "1-0"]
[WhiteTitle "GM"]
[BlackTitle "FM"]
[WhiteElo "2654"]
[BlackElo "2363"]
[WhiteFideId "5002150"]
[BlackFideId "4901592"]
[EventDate "2016.05.26"]

1. e4 c5 2. Nf3 d6 3. d4 cxd4 4. Nxd4 Nf6 5. Nc3 a6 6. h3 e5 7. Nde2 h5 8. g3
Be6 9. Bg2 Nbd7 10. a4 Be7 11. b3 Rc8 12. Qd2 Nc5 13. Bb2 b5 14. axb5 axb5 15.
b4 Ncd7 16. Nxb5 Nb6 17. Na3 Nc4 18. Nxc4 Rxc4 19. f3 O-O 20. O-O Qb6+ 21. Kh2
Qxb4 22. Bc3 Qc5 23. Ra5 Qb6 24. Rfa1 Rfc8 25. Ra8 h4 26. g4 Rxa8 27. Rxa8+ Kh7
28. Qe1 Qe3 29. Bd2 Qb6 30. Qxh4+ Kg6 31. Qg5+ Kh7 32. Qh4+ Kg6 33. g5 Rxc2 34.
Rh8 1-0

[Event "15th Asian Continental"]
[Site "Tashkent UZB"]
[Date "2016.05.26"]
[Round "1.8"]
[White "Fang, Yan"]
[Black "Gupta, Abhijeet"]
[Result "1-0"]
[BlackTitle "GM"]
[WhiteElo "2354"]
[BlackElo "2654"]
[WhiteFideId "8604746"]
[BlackFideId "5010608"]
[EventDate "2016.05.26"]

1. e4 c5 2. Nf3 d6 3. d4 cxd4 4. Nxd4 Nf6 5. Nc3 Nc6 6. Bc4 e6 7. Be3 a6 8. Qe2
Qc7 9. O-O-O Na5 10. Bd3 b5 11. f4 b4 12. Nb1 g6 13. Nd2 Bg7 14. Kb1 O-O 15.
Rhf1 Re8 16. h3 Bb7 17. g4 Nc6 18. Nxc6 Bxc6 19. h4 a5 20. h5 a4 21. hxg6 fxg6
22. f5 b3 23. cxb3 axb3 24. Nxb3 Nxe4 25. fxg6 hxg6 26. Qc2 Qb7 27. Rf4 Ra4 28.
Rdf1 Qa8 29. Bd4 Rf8 30. Rxf8+ Bxf8 31. Rf4 d5 32. Qh2 Rxd4 33. Nxd4 Bd6 34. Qh6
Be8 35. Nxe6 Nd2+ 36. Kc2 Qc8+ 37. Kxd2 Qxe6 38. Rf1 d4 39. Rh1 Qxa2 40. Qh8+ 1-0

[Event "15th Asian Continental"]
[Site "Tashkent UZB"]
[Date "2016.05.26"]
[Round "1.9"]
[White "Sethuraman, S.P."]
[Black "Hafiz, Arif Abdul"]
[Result "1-0"]
[WhiteTitle "GM"]
[BlackTitle "FM"]
[WhiteElo "2647"]
[BlackElo "2348"]
[WhiteFideId "5021596"]
[BlackFideId "7104227"]
[EventDate "2016.05.26"]

1. d4 Nf6 2. c4 g6 3. f3 d5 4. cxd5 Nxd5 5. e4 Nb6 6. Nc3 Bg7 7. Be3 O-O 8. Qd2
Nc6 9. O-O-O f5 10. e5 Nb4 11. Nh3 Be6 12. Kb1 N4d5 13. Ng5 Nxc3+ 14. Qxc3 Bd5
15. h4 Qd7 16. Bd3 Na4 17. Qc2 b5 18. h5 h6 19. hxg6 hxg5 20. g4 f4 21. Rh7 Bxf3
22. e6 Qxe6 23. Qh2 Rf7 24. gxf7+ Qxf7 25. Rf1 fxe3 26. Rxg7+ Qxg7 27. Rxf3 Qh8
28. Qc2 Qh1+ 29. Rf1 Qh3 30. Qc6 Rd8 31. Qe6+ Kh8 32. Qxe7 1-0

[Event "15th Asian Continental"]
[Site "Tashkent UZB"]
[Date "2016.05.26"]
[Round "1.10"]
[White "Wahono, Awam"]
[Black "Nguyen, Ngoc Truong Son"]
[Result "0-1"]
[WhiteTitle "IM"]
[BlackTitle "GM"]
[WhiteElo "2346"]
[BlackElo "2636"]
[WhiteFideId "7100760"]
[BlackFideId "12401110"]
[EventDate "2016.05.26"]

1. e4 e5 2. Nf3 Nc6 3. Bb5 a6 4. Ba4 Nf6 5. d3 Bc5 6. O-O b5 7. Bb3 d6 8. Be3
Bb6 9. c3 O-O 10. Nbd2 h6 11. Re1 Bxe3 12. fxe3 Na5 13. Bc2 c5 14. Nf1 Nc6 15.
Ng3 g6 16. Qd2 Kg7 17. a3 Be6 18. Kh1 Qc7 19. Rf1 Rad8 20. h3 Qe7 21. Qf2 Nh7
22. d4 Na5 23. Nd2 Nc4 24. b4 Qg5 25. Nxc4 Bxc4 26. Rfd1 h5 27. Nf1 Bxf1 28.
Rxf1 cxd4 29. cxd4 Rc8 30. a4 Rc3 31. axb5 axb5 32. Ra5 Qxe3 33. Qxe3 Rxe3 34.
dxe5 dxe5 35. Rxb5 Re8 36. Rc5 Nf6 37. Rc4 Rb8 38. Kg1 h4 39. Rb1 Nh5 40. Bd1
Nf4 41. Kf2 Rd3 42. Bf3 Rd2+ 43. Kg1 Rb5 44. Rc7 Rd4 45. Re7 Kf6 46. Ra7 Rdxb4
47. Rxb4 Rxb4 48. Ra6+ Kg5 49. Ra5 f6 50. Rc5 Rb1+ 51. Kh2 Rb2 52. Rc3 Rd2 53.
Kg1 Rd3 0-1

[Event "15th Asian Continental"]
[Site "Tashkent UZB"]
[Date "2016.05.26"]
[Round "1.11"]
[White "Salem, A.R. Saleh"]
[Black "Novita, Anjas"]
[Result "1-0"]
[WhiteTitle "GM"]
[BlackTitle "FM"]
[WhiteElo "2625"]
[BlackElo "2346"]
[WhiteFideId "9301348"]
[BlackFideId "7100949"]
[EventDate "2016.05.26"]

1. e4 c5 2. Nf3 Nc6 3. d4 cxd4 4. Nxd4 Qc7 5. Nc3 e6 6. Be3 a6 7. Qf3 b5 8.
O-O-O Bb7 9. Qg3 Rc8 10. Nxc6 Qxc6 11. Bd3 Nf6 12. f3 Qc7 13. Kb1 Qxg3 14. hxg3
Bc5 15. Bd2 d6 16. a4 bxa4 17. Nxa4 Nd7 18. Nxc5 Nxc5 19. Be2 O-O 20. Bb4 Rfd8
21. Rd2 d5 22. Rhd1 Re8 23. exd5 exd5 24. b3 h6 25. Kb2 Re6 26. g4 Rb6 27. Ba5
Re6 28. Bf1 Re5 29. Ra1 h5 30. Bc3 Rg5 31. gxh5 Rxh5 32. b4 Ne6 33. Bxa6 Bxa6
34. Rxa6 Nf4 35. Bd4 Rc4 36. c3 Ne6 37. b5 Nc5 38. Rc6 Ne6 39. Kb3 Rxc6 40. bxc6
Kf8 41. Bb6 Ke7 42. c4 dxc4+ 43. Kxc4 Rh1 44. Kb5 Rc1 45. Ba5 Ke8 46. Bb4 g5 47.
Rd7 Rc2 48. g3 Rc1 49. Rd2 Nd8 50. Ba3 Rc3 51. Bb2 Rb3+ 52. Ka4 Rxb2 53. Rxb2
Nxc6 54. Rf2 Ke7 55. Kb3 Ke6 56. Kc4 Kf5 57. Rf1 g4 58. f4 Ne7 59. Ra1 Kg6 60.
Ra6+ f6 61. Ra3 Kf5 62. Kd4 Kg6 63. Ke4 Nf5 64. Rd3 Ng7 65. Rd8 Kh7 66. Ra8 Kg6
67. Rh8 f5+ 1-0

[Event "15th Asian Continental"]
[Site "Tashkent UZB"]
[Date "2016.05.26"]
[Round "1.12"]
[White "Nigmatov, Ortik"]
[Black "Lu, Shanglei"]
[Result "0-1"]
[WhiteTitle "FM"]
[BlackTitle "GM"]
[WhiteElo "2330"]
[BlackElo "2614"]
[WhiteFideId "14202131"]
[BlackFideId "8603332"]
[EventDate "2016.05.26"]

1. e4 c5 2. Nf3 d6 3. d4 cxd4 4. Nxd4 Nf6 5. Nc3 a6 6. h3 e5 7. Nde2 h5 8. g3
Be6 9. Bg2 b5 10. O-O Nbd7 11. Be3 Be7 12. f4 Rc8 13. b3 Nc5 14. f5 Bd7 15. Bg5
Qb6 16. Kh1 Bc6 17. Bxf6 Bxf6 18. h4 Qb7 19. Nd5 Bxd5 20. exd5 Bd8 21. Qe1 Kf8
22. Rc1 Nd7 23. Qb4 Qb6 24. a4 bxa4 25. Qxa4 Nf6 26. c4 a5 27. Rc3 Qc5 28. Qb5
Bb6 29. Qxc5 Bxc5 30. Ra1 Ra8 31. Rc2 Ke7 32. Nc3 Bd4 33. Ra4 Bxc3 34. Rxc3 Nd7
35. Bf3 Kf6 36. Rc2 Nc5 37. Ra3 Rhb8 38. Bxh5 Rxb3 39. Rxb3 Nxb3 40. Ra2 a4 41.
Bd1 Nc5 42. g4 a3 43. Kg2 e4 44. Kf2 Nd3+ 45. Ke3 Ke5 46. f6 gxf6 47. h5 f5 48.
gxf5 Nb4 49. Ra1 a2 0-1

[Event "15th Asian Continental"]
[Site "Tashkent UZB"]
[Date "2016.05.27"]
[Round "2.1"]
[White "Megaranto, Susanto"]
[Black "Le, Quang Liem"]
[Result "0-1"]
[WhiteTitle "GM"]
[BlackTitle "GM"]
[WhiteElo "2527"]
[BlackElo "2718"]
[WhiteFideId "7101384"]
[BlackFideId "12401137"]
[EventDate "2016.05.26"]

1. d4 Nf6 2. Nf3 g6 3. Bg5 Bg7 4. Nbd2 d5 5. e3 O-O 6. Be2 Nbd7 7. O-O c5 8. c3
b6 9. a4 a6 10. h3 Bb7 11. Bf4 Rc8 12. Ne5 e6 13. Qb3 Re8 14. Rfd1 Nb8 15. Bh2
Nfd7 16. Ndf3 Qe7 17. Rac1 c4 18. Qc2 Nf8 19. Nd2 Nc6 20. Nxc6 Bxc6 21. b4 b5
22. a5 Bh6 23. Rf1 f6 24. Bg4 Rcd8 25. f4 Bg7 26. Rce1 Nd7 27. Qb1 Bb7 28. Qc2
Nb8 29. Bf3 e5 30. f5 e4 31. Bd1 Nc6 32. Rf2 Bc8 33. g4 gxf5 34. gxf5 Kh8 35.
Nf1 Rg8 36. Kh1 Bh6 37. Qd2 Bg5 38. Bg3 Rg7 39. Bg4 Rdg8 40. Rb1 Nd8 41. Rb2 Nf7
42. Rg2 Nh6 43. Qf2 Qf8 44. Re2 Bd7 45. Bh4 Bxh4 46. Qxh4 Rg5 47. Ref2 Qg7 48.
Rg3 Qf8 49. Rgg2 Bxf5 50. Bxf5 Nxf5 51. Qf4 Qh6 52. Rxg5 Qxg5 53. Qxg5 Rxg5 54.
Rf4 Kg7 55. Kh2 Rh5 56. Rg4+ Kf7 57. Ng3 Nxg3 58. Kxg3 Rf5 59. Rf4 Rg5+ 60. Kh2
Kg6 61. h4 Rf5 62. Rxf5 Kxf5 63. Kg3 Kg6 64. Kg4 h6 65. Kf4 Kh5 66. Kf5 Kxh4 67.
Ke6 Kg4 68. Kxd5 f5 69. Kc6 f4 70. d5 fxe3 71. d6 e2 72. d7 e1=Q 73. d8=Q Qxc3
74. Kb6 e3 75. Qd1+ Kf4 76. Qf1+ Ke5 77. Qh3 Qd4+ 78. Kxa6 Qe4 79. Kxb5 e2 80.
Qc3+ Kd5 81. Qe1 Qe8+ 82. Kb6 Qe3+ 83. Kb7 c3 84. a6 c2 85. Qh1+ Qe4 86. Qxh6
e1=Q 87. a7 c1=Q 0-1

[Event "15th Asian Continental"]
[Site "Tashkent UZB"]
[Date "2016.05.27"]
[Round "2.2"]
[White "Kasimdzhanov, Rustam"]
[Black "Gundavaa, Bayarsaikhan"]
[Result "1/2-1/2"]
[WhiteTitle "GM"]
[BlackTitle "GM"]
[WhiteElo "2703"]
[BlackElo "2499"]
[WhiteFideId "14200244"]
[BlackFideId "4901045"]
[EventDate "2016.05.26"]

1. e4 c5 2. Nf3 d6 3. d4 cxd4 4. Nxd4 Nf6 5. Nc3 a6 6. Be3 e5 7. Nb3 Be6 8. f3
Be7 9. Qd2 Nbd7 10. g4 b5 11. g5 b4 12. Ne2 Nh5 13. Ng3 Nf4 14. Bxf4 exf4 15.
Nh5 Bxb3 16. axb3 g6 17. Nxf4 Ne5 18. Qg2 Bxg5 19. Nd5 Bh4+ 20. Kd1 O-O 21. f4
Nd7 22. Nxb4 Qf6 23. Nd3 Nc5 24. e5 dxe5 25. Nxc5 Qd6+ 26. Nd3 e4 27. Ra4 exd3
28. Bxd3 Rac8 29. f5 Bf6 30. Re1 1/2-1/2

[Event "15th Asian Continental"]
[Site "Tashkent UZB"]
[Date "2016.05.27"]
[Round "2.5"]
[White "Igonin, Temur"]
[Black "Adhiban, Baskaran"]
[Result "1-0"]
[WhiteTitle "FM"]
[BlackTitle "GM"]
[WhiteElo "2474"]
[BlackElo "2665"]
[WhiteFideId "14203049"]
[BlackFideId "5018471"]
[EventDate "2016.05.26"]

1. e4 c6 2. d4 g6 3. Nf3 Bg7 4. Bd3 d6 5. Nbd2 Nf6 6. O-O O-O 7. Re1 Qc7 8. a4
e5 9. dxe5 dxe5 10. Nc4 Nbd7 11. b3 Re8 12. Ba3 Bf8 13. Bb2 b6 14. Qd2 Bb7 15.
Rad1 Rad8 16. Nfxe5 Rxe5 17. Qf4 Rde8 18. Nxe5 Rxe5 19. Bxe5 Qxe5 20. Qxe5 Nxe5
21. Bf1 Kg7 22. c3 Bc8 23. b4 Be6 24. f4 Ned7 25. h3 a5 26. bxa5 bxa5 27. g4 h6
28. c4 Nb6 29. f5 gxf5 30. gxf5 Bxc4 31. e5 Nfd5 32. Bxc4 Nxc4 33. Rc1 Nd2 34.
Kh1 Nf3 35. Re4 c5 36. Rd1 Ng5 37. Ree1 Nf3 38. Re4 Ng5 39. Ree1 Nf3 40. Re4 Nd4
41. Rg1+ Kh7 42. e6 fxe6 43. fxe6 Bd6 44. Rf1 Ne7 45. Rf8 Kg7 46. Ra8 Kf6 47.
Rxa5 Nef5 48. Kg2 Nxe6 49. Ra6 c4 50. Rc6 Nc5 51. a5 c3 52. Re2 Kg5 53. a6 Nxa6
54. Rxa6 Bf4 55. Rc6 Bd2 56. Re4 Ne3+ 57. Kf3 Nd1 1-0

[Event "15th Asian Continental"]
[Site "Tashkent UZB"]
[Date "2016.05.27"]
[Round "2.6"]
[White "Vidit, Santosh Gujrathi"]
[Black "Nguyen, Huynh Minh Huy"]
[Result "1-0"]
[WhiteTitle "GM"]
[BlackTitle "GM"]
[WhiteElo "2658"]
[BlackElo "2458"]
[WhiteFideId "5029465"]
[BlackFideId "12401269"]
[EventDate "2016.05.26"]

1. d4 d5 2. c4 c6 3. Nf3 Nf6 4. Nc3 dxc4 5. a4 e6 6. e4 Bb4 7. e5 Ne4 8. Qc2 Qa5
9. Qxe4 Bxc3+ 10. Kd1 Bb4 11. Bxc4 Nd7 12. Qg4 g6 13. Ng5 Qd8 14. Nxf7 Nf6 15.
exf6 Kxf7 16. h4 Bc5 17. h5 Qxd4+ 18. Qxd4 Bxd4 19. hxg6+ Kxg6 20. Rh6+ Kf7 21.
Ra3 b5 22. Be2 Bd7 23. Rah3 Be8 24. Bg5 Bxb2 25. Kc2 Bd4 26. Bd3 bxa4 27. R3h4
c5 28. Bxh7 Kf8 29. Be4 Rg8 30. Rh8 Rb8 31. Bh6+ Kf7 32. Rxg8 Kxg8 33. Bg7 Kf7
34. Rh6 Rb2+ 35. Kc1 Bxf6 36. Bxf6 Rxf2 37. Bf3 Kg8 38. Rh8+ Kf7 39. Rh6 Kg8 40.
Be5 Bb5 41. Rh8+ Kf7 42. Rh7+ Kg6 43. Rxa7 Kf5 44. Bg3 Ra2 45. Ra5 Bd3 46. Rxc5+
Kg6 47. Rc3 Bf1 48. Kb1 Rd2 49. Bf4 Rd4 50. g3 Kf6 51. Kb2 e5 52. Be3 Rc4 53.
Rxc4 Bxc4 54. Ka3 Bb3 55. g4 Bc2 56. Bc6 1-0

[Event "15th Asian Continental"]
[Site "Tashkent UZB"]
[Date "2016.05.27"]
[Round "2.7"]
[White "Wang, Yiye"]
[Black "Ganguly, Surya Shekhar"]
[Result "0-1"]
[WhiteTitle "IM"]
[BlackTitle "GM"]
[WhiteElo "2442"]
[BlackElo "2654"]
[WhiteFideId "8606021"]
[BlackFideId "5002150"]
[EventDate "2016.05.26"]

1. e4 c5 2. Nf3 e6 3. c3 Nf6 4. e5 Nd5 5. d4 cxd4 6. cxd4 d6 7. Bc4 Be7 8. O-O
O-O 9. Bd2 b6 10. Nc3 Nxc3 11. Bxc3 Ba6 12. Bxa6 Nxa6 13. d5 exd5 14. Qxd5 dxe5
15. Qxe5 Bf6 16. Qe3 Re8 17. Bxf6 Qxf6 18. Qd4 Qf5 19. Rad1 Nc5 20. Rfe1 h6 21.
h3 Rac8 22. Re5 Rxe5 23. Qxe5 Qc2 24. Rd2 Qb1+ 25. Qe1 Qg6 26. Qe3 Ne6 27. Nd4
Qb1+ 28. Kh2 Nxd4 29. Qxd4 Qxa2 30. Rd3 Qc4 31. Qe3 Qc7+ 32. f4 Qc6 33. Qe5 Re8
34. Qd4 Re4 35. Qd8+ Kh7 36. Qb8 a5 37. Rd6 Qc1 38. Rxb6 Re1 39. Rb3 Rh1+ 40.
Kg3 Qe1+ 41. Kg4 h5+ 0-1

[Event "15th Asian Continental"]
[Site "Tashkent UZB"]
[Date "2016.05.27"]
[Round "2.8"]
[White "Mohammad, Minhaz Uddin"]
[Black "Sethuraman, S.P."]
[Result "0-1"]
[WhiteTitle "IM"]
[BlackTitle "GM"]
[WhiteElo "2430"]
[BlackElo "2647"]
[WhiteFideId "10201955"]
[BlackFideId "5021596"]
[EventDate "2016.05.26"]

1. e4 c5 2. Nf3 d6 3. Bb5+ Nd7 4. O-O a6 5. Bd3 Ngf6 6. Re1 b5 7. c3 Bb7 8. Bc2
Qc7 9. d3 e5 10. Nbd2 g6 11. Nf1 Bg7 12. Ng3 O-O 13. Bg5 h6 14. Bd2 d5 15. Qc1
Kh7 16. a4 c4 17. d4 Nxe4 18. Nxe4 dxe4 19. Bxe4 exd4 20. cxd4 Nf6 21. Bf4 Qc8
22. Bc2 Qg4 23. h3 Qd7 24. Ra3 Rae8 25. axb5 axb5 26. Ra7 Rxe1+ 27. Qxe1 Re8 28.
Qb1 Qd5 29. Be5 Nh5 30. Nh4 Re6 31. b3 Bxe5 32. bxc4 Qxd4 33. Rxb7 Qxh4 34.
Rxf7+ Kg8 35. Bxg6 Nf4 36. Qf5 Rxg6 37. Rf8+ Kh7 38. Rf7+ Bg7 39. Qxf4 Qxf4 40.
Rxf4 b4 41. c5 b3 0-1

[Event "15th Asian Continental"]
[Site "Tashkent UZB"]
[Date "2016.05.27"]
[Round "2.9"]
[White "Nguyen, Ngoc Truong Son"]
[Black "Munkhgal, Gombosuren"]
[Result "1/2-1/2"]
[WhiteTitle "GM"]
[BlackTitle "IM"]
[WhiteElo "2636"]
[BlackElo "2445"]
[WhiteFideId "12401110"]
[BlackFideId "4901266"]
[EventDate "2016.05.26"]

1. d4 Nf6 2. c4 e6 3. Nf3 d5 4. g3 Be7 5. Bg2 O-O 6. O-O dxc4 7. Qc2 a6 8. a4
Bd7 9. Qxc4 Bc6 10. Bf4 Bd6 11. Bg5 Nbd7 12. Nc3 h6 13. Bxf6 Nxf6 14. Rfe1 Bxf3
15. Bxf3 c6 16. Ne4 1/2-1/2

[Event "15th Asian Continental"]
[Site "Tashkent UZB"]
[Date "2016.05.27"]
[Round "2.10"]
[White "Yakubboev, Nodirbek"]
[Black "Salem, A.R. Saleh"]
[Result "0-1"]
[BlackTitle "GM"]
[WhiteElo "2422"]
[BlackElo "2625"]
[WhiteFideId "14203987"]
[BlackFideId "9301348"]
[EventDate "2016.05.26"]

1. e4 c5 2. Nf3 d6 3. Bb5+ Nd7 4. d4 cxd4 5. Qxd4 a6 6. Bxd7+ Bxd7 7. O-O Nf6 8.
Bg5 e6 9. c4 Be7 10. Nc3 Bc6 11. Qd3 O-O 12. Rfd1 Rc8 13. Nd4 Qc7 14. Rac1 Bd7
15. b3 Rfd8 16. h3 Be8 17. Be3 h6 18. a4 Bf8 19. Nce2 Qb8 20. f4 e5 21. Nf3 b5
22. cxb5 axb5 23. a5 d5 24. Rxc8 Rxc8 25. Nxe5 dxe4 26. Qd2 Qa8 27. Bb6 b4 28.
Kh2 Bb5 29. Nd4 Ba6 30. Nf5 e3 31. Qxe3 Rc2 32. Rd2 Rxd2 33. Qxd2 Qe4 34. Ng3
Qd5 35. Qe3 Bb7 36. Nf3 Nd7 37. Qd4 Bd6 38. Ne2 Qe6 39. Qd3 Nxb6 40. axb6 Bc5
41. Qd8+ Kh7 42. Ned4 Qe4 43. Kg3 Qg6+ 44. Kh2 Bxb6 45. Qe7 Qe4 46. Qd6 Ba7 47.
Kg3 Bxd4 48. Qxd4 Qg6+ 49. Kh2 Bxf3 50. gxf3 Qc2+ 51. Kg3 Qxb3 52. Qe4+ Kg8 53.
Qe8+ Kh7 54. Qe4+ g6 55. f5 gxf5 56. Qxf5+ Kg7 57. Qe5+ Kg6 58. Qe4+ Kf6 59.
Qf4+ Ke6 60. Qxh6+ f6 61. Qf8 Qc3 62. Qe8+ Kd6 63. Qd8+ Kc5 64. Qe7+ Kc4 65.
Qe2+ Kc5 66. Qe7+ Kb5 67. Qb7+ Kc4 68. Qa6+ Kd4 69. Qxf6+ Kd3 70. Qf5+ Kd2 71.
Qd5+ Kc1 72. Qg5+ Kb1 73. Qa5 Qg7+ 74. Kf2 Qd4+ 75. Kg3 0-1

[Event "15th Asian Continental"]
[Site "Tashkent UZB"]
[Date "2016.05.27"]
[Round "2.11"]
[White "Lu, Shanglei"]
[Black "Firman Syah, Farid"]
[Result "0-1"]
[WhiteTitle "GM"]
[BlackTitle "IM"]
[WhiteElo "2614"]
[BlackElo "2432"]
[WhiteFideId "8603332"]
[BlackFideId "7102526"]
[EventDate "2016.05.26"]

1. e4 e5 2. Nf3 Nc6 3. Bb5 a6 4. Ba4 Nf6 5. O-O b5 6. Bb3 Bc5 7. a4 Rb8 8. axb5
axb5 9. c3 d6 10. d4 Bb6 11. h3 Bb7 12. Re1 O-O 13. Na3 exd4 14. cxd4 Ba5 15.
Re2 d5 16. e5 Ne4 17. Bf4 b4 18. Nc2 Bb6 19. Rxe4 dxe4 20. Ng5 g6 21. e6 Qf6 22.
exf7+ Kh8 23. Qg4 Nxd4 24. Nxd4 Bxd4 25. Rd1 Be5 26. Qh4 h5 27. Bxe5 Qxe5 28.
Ne6 e3 29. Nxf8 Rxf8 30. Re1 Qxb2 31. Rxe3 Kg7 32. Re8 Qxb3 33. Rxf8 Qd1+ 34.
Kh2 Qd8 0-1

[Event "15th Asian Continental"]
[Site "Tashkent UZB"]
[Date "2016.05.27"]
[Round "2.12"]
[White "Xu, Yi"]
[Black "Wen, Yang"]
[Result "0-1"]
[WhiteTitle "FM"]
[BlackTitle "GM"]
[WhiteElo "2396"]
[BlackElo "2611"]
[WhiteFideId "8605564"]
[BlackFideId "8602956"]
[EventDate "2016.05.26"]

1. e4 e5 2. Nf3 Nc6 3. Nc3 Nf6 4. d4 exd4 5. Nxd4 Bb4 6. Nxc6 bxc6 7. Bd3 O-O 8.
O-O Re8 9. Qf3 Bd6 10. Bf4 Bxf4 11. Qxf4 d6 12. Rfe1 Nd7 13. h3 Ne5 14. Bf1 Be6
15. b3 g5 16. Qg3 Qf6 17. Ne2 Kh8 18. f4 gxf4 19. Nxf4 Rg8 20. Qf2 Qh6 21. Re3
Rg7 22. c4 c5 23. Rc1 Rf8 24. Rcc3 f5 25. Nd3 Ng6 26. exf5 Rxf5 27. Qe1 Bd7 28.
Rc2 Rf8 29. Rf2 Rfg8 30. Rg3 Qh4 31. Rff3 Qd4+ 32. Kh1 Re8 33. Qc1 Bc6 34. Re3
Rf8 35. Re1 Nh4 36. Rxg7 Qxg7 37. Re2 Qg3 38. Qb2+ Kg8 39. Rf2 Qxh3+ 40. Kg1 Qe3
41. Kh2 Nf5 42. Qe2 Qg3+ 43. Kg1 Nd4 44. Rxf8+ Kxf8 45. Qh5 Kg7 46. Kh1 Be4 47.
Qh2 Qe3 48. Nf4 Qf2 49. Nh5+ Kf7 50. Ng3 Bg6 51. Qh4 Nf5 52. Qf6+ Ke8 0-1